La Gesta de Roldán / (Record no. 51039)

MARC details
000 -LEADER
campo de control de longitud fija 00702nam a2200205 i 4500
001 - NÚMERO DE CONTROL
campo de control 51039
003 - IDENTIFICADOR DE NÚMERO DE CONTROL
campo de control ES-MaACL
005 - FECHA Y HORA DE LA ÚLTIMA TRANSACCIÓN
campo de control 20240415143606.0
007 - CAMPO FIJO DE DESCRIPCIÓN FÍSICA--INFORMACIÓN GENERAL
campo de control de longitud fija t|
008 - DATOS DE LONGITUD FIJA--INFORMACIÓN GENERAL
campo de control de longitud fija 030808s1962 sp ||||1| spa d
080 ## - NÚMERO DE LA CLASIFICACIÓN DECIMAL UNIVERSAL
Número de la Clasificación Decimal Universal 821.133.1-13"11"
130 #3 - ENTRADA PRINCIPAL--TÍTULO UNIFORME
Título uniforme La Chanson de Roland.
Lenguaje de la obra Español.
9 (RLIN) 119744
245 13 - MENCIÓN DEL TÍTULO
Título La Gesta de Roldán /
Mención de responsabilidad, etc. versión castellana de "La chansón de Roland" por Eduardo Marquina ; introducción de Ramón Castelltort.
260 ## - PUBLICACIÓN, DISTRIBUCIÓN, ETC.
Lugar de publicación, distribución, etc. [Barcelona :
Nombre del editor, distribuidor, etc. Zeus,
Fecha de publicación, distribución, etc. 1962] (
Fabricante Algueró y Baiges)
300 ## - DESCRIPCIÓN FÍSICA
Extensión 245 p. ;
Dimensiones 18 cm.
700 1# - ENTRADA AGREGADA--NOMBRE PERSONAL
Nombre de persona Marquina, Eduardo,
Fechas asociadas al nombre 1879-1946
9 (RLIN) 77043
700 1# - ENTRADA AGREGADA--NOMBRE PERSONAL
Nombre de persona Castelltort, Ramón.
9 (RLIN) 36603
852 ## - LOCALIZACIÓN
Ubicación ES-MaACL
Número de control de estantería C-21711
Sublocalización o colección R.50054
Holdings
Estatus retirado Estado de pérdida Estado de daño No para préstamo Biblioteca de origen Biblioteca actual Ubicación en estantería Fecha de adquisición Fuente de adquisición Total de préstamos Signatura topográfica completa Código de barras Visto por última vez Precio de reemplazo Tipo de ítem Koha
        Biblioteca del Ateneo de Madrid Biblioteca del Ateneo de Madrid Galería 17/01/2008     C-21711 1053673 23/02/2023 23/02/2023 Libro impreso